Największe miasta w Finlandii - Statystyki

Ogólne statystyki
  • Ten quiz został rozwiązany 179 razy
  • Średni wynik to 6 z 15
Statystyki odpowiedzi
Populacja Miasto % Poprawnych
1 360 011 Helsinki
100%
286 957 Turku
75%
212 738 Oulu
70%
359 306 Tampere
63%
54 932 Rovaniemi
57%
119 933 Lahti
54%
95 122 Kuopio
37%
48 992 Kotka
35%
132 962 Jyväskylä
29%
69 034 Vaasa
23%
82 956 Pori
22%
73 567 Joensuu
14%
56 452 Lappeenranta
8%
58 514 Hämeenlinna
5%
52 998 Seinäjoki
2%
Nie znaleziono quizów pasujących do podanych kryteriów
Rozkład punktacji
Procent ludzi z każdym wynikiem
Percentyl według liczby udzielonych odpowiedzi
Twoja historia wyników
Nie rozwiązałeś tego quizu